00581nam a2200181Ia 4500952012500000999001300125003000400138005001700142008004100159040000900200082001900209100003200228245005200260260002300312300000900335650001100344942004400355 00102ddc40708LANGUAGEaMESbMEScARBd2019-02-20l0o491.439 GAF/Mp9757r2019-02-20 00:00:00w2019-02-20yBKzGR4R1 c273d273OSt20210903123632.0190216s9999||||xx |||||||||||||| ||und|| coclc a491.439bGAF/M a Gafoor, Ahamed Abdul98706 0aMohammad Bin Abdul Wahab /cAhamed Abdul Gafoor bMoohim Publicaion, a208p aArabic cBK2ddch491.439iGAF/Mk491.439mGAF/M